| 000 | 01172nam a22002537a 4500 | ||
|---|---|---|---|
| 001 | 38554 | ||
| 003 | BD-RjUL | ||
| 005 | 20211209052821.0 | ||
| 008 | 151230s1978 ii ||||| |||| 00| 0 ben d | ||
| 035 | _a(BD-RjUL)38659 | ||
| 040 |
_aBD-RjUL _bben _cBD-RjUL |
||
| 041 | _aben | ||
| 082 |
_223 _a954.1403 _bSEN 1978 |
||
| 100 |
_aসেনগুপ্ত, প্রমোদরঞ্জন _9118399 |
||
| 245 |
_aনীল বিদ্রোহ বাঙ্গালী ও সমাজ / _cপ্রমোদরঞ্জন সেনগুপ্ত |
||
| 250 | _a২য় পরিবর্ধিত সং. | ||
| 260 |
_aকলকাতা : _bরা্ডিক্যাল বুক ক্লাব, _c১৯৭৮ |
||
| 300 |
_a১৮২ পৃ. ; _c২১ সেমি. |
||
| 500 | _aHistory of indigo plantation in Bengali and the impact of the 1859-60 Indigo movement on socioeconomic conditions of Bengal; Marxist viewpoint. | ||
| 504 | _aবিবলিওগ্রাফি ও ইনডেক্স আছে. | ||
| 650 |
_aIndigo industry _9118400 _xHistory. _zIndia _zBengal |
||
| 650 |
_aPlantations _xHistory _zIndia _zBengal _9119000 |
||
| 942 |
_2ddc _cBK _01 |
||
| 999 |
_c38554 _d38554 |
||